000 01584cam a22003734a 4500
001 14037728
005 20170105102929.0
008 050715s2006 enk b 001 0 eng
010 _a 2005020200
015 _aGBA592440
_2bnb
016 7 _a013326198
_2Uk
020 _a0415386675 (hardback)
020 _a9780415386678 (hardback)
020 _a9780415386678 (hardback)
035 _a(OCoLC)ocm61151426
035 _a(OCoLC)61151426
040 _aDLC
_cDLC
_dBAKER
_dBWKUK
_dUKM
_dCOO
_dOCLCQ
_dYDXCP
_dOCLCQ
_dSTF
_dDLC
042 _apcc
050 0 0 _aJZ5625
_b.R37 2006
082 0 0 _a327.1/74
_222
_bRAP 2006
100 1 _aRappert, Brian.
245 1 0 _aControlling the weapons of war :
_bpolitics, persuasion and the prohibition of inhumanity /
_cBrian Rappert.
260 _aLondon ;
_aNew York :
_bRoutledge,
_c2006.
300 _axii, 223 p. ;
_c24 cm.
440 0 _aContemporary security studies
504 _aIncludes bibliographical references (p. [218]-219) and index.
650 0 _aArms control.
650 0 _aMilitary weapons.
856 4 1 _3Table of contents
_uhttp://www.loc.gov/catdir/toc/ecip0516/2005020200.html
856 4 2 _3Publisher description
_uhttp://www.loc.gov/catdir/enhancements/fy0654/2005020200-d.html
906 _a7
_bcbc
_corignew
_d1
_eecip
_f20
_gy-gencatlg
942 _2ddc
_cBK
999 _c15992
_d15992